[Event "87o Campeonato Brasileiro Absoluto Final Aberta"]
[Site "Cuiaba MT"]
[Date "2021.11.02"]
[Round "9"]
[Board "51"]
[White "Felicio, Leonardo Demetrio De F."]
[Black "Ribeiro Carrico, Victor Hugo"]
[Result "1/2-1/2"]
[WhiteElo "1896"]
[BlackElo "1791"]
[PlyCount "106"]
[EventDate "2021.10.28"]
[EventRounds "11"]
[EventCountry "BRA"]

1. d4 Nf6 2. c4 e6 3. Nc3 Bb4 4. f3 d5 5. a3 Bxc3+ 6. bxc3 c5 7. cxd5 Nxd5 8.
dxc5 O-O 9. c4 Qf6 10. Rb1 Nc3 11. Bb2 Qh4+ 12. g3 Nxd1 13. gxh4 Ne3 14. Rc1
Rd8 15. Nh3 e5 16. Nf2 Nc6 17. Bh3 Bxh3 18. Nxh3 f6 19. Nf2 Na5 20. Rc3 Naxc4
21. Bc1 Rac8 22. Bxe3 Nxe3 23. Rxe3 Rxc5 24. O-O Ra5 25. Rb1 b5 26. Reb3 Rd2
27. Kf1 a6 28. Rd1 Ra2 29. Rdd3 Ra1+ 30. Nd1 Ra4 31. Rbc3 Rxh4 32. Rd7 Rc4 33.
Rxc4 bxc4 34. Kf2 Rxa3 35. Rc7 Ra1 36. Nc3 a5 37. Rxc4 Kf7 38. Na4 Ke6 39. Ke3
Kf5 40. Nc5 h5 41. Rh4 Kg5 42. Rc4 Kf5 43. Ra4 Rxa4 44. Nxa4 Kg5 45. Kf2 Kh4
46. Kg2 f5 47. e3 f4 48. exf4 exf4 49. Nc5 g5 50. h3 g4 51. hxg4 hxg4 52. fxg4
Kxg4 53. Kf2 f3  1/2-1/2

[Event "87o Campeonato Brasileiro Absoluto Final Aberta"]
[Site "Cuiaba MT"]
[Date "2021.11.02"]
[Round "9"]
[Board "52"]
[White "Farias, Igor Borge Cardoso"]
[Black "Franca Junior, Jairo"]
[Result "1-0"]
[WhiteElo "1889"]
[BlackElo "1755"]
[PlyCount "111"]
[EventDate "2021.10.28"]
[EventRounds "11"]
[EventCountry "BRA"]

1. c4 Nf6 2. g3 e6 3. Bg2 d5 4. cxd5 exd5 5. d4 Bb4+ 6. Bd2 Bxd2+ 7. Nxd2 O-O
8. Ngf3 Bf5 9. O-O Nbd7 10. Rc1 Re8 11. Nh4 Bg4 12. f3 Be6 13. Qc2 c6 14. Rfe1
Nb6 15. b3 Qd7 16. f4 Bg4 17. Ndf3 Qd6 18. Ne5 Be6 19. a4 a5 20. h3 Ne4 21. Kh2
f6 22. Nd3 Nd7 23. Nc5 Ndxc5 24. dxc5 Qc7 25. Nf3 Bf7 26. Nd2 Bg6 27. Nxe4 Bxe4
28. Qc3 Re7 29. e3 Bxg2 30. Kxg2 Rae8 31. Rc2 Re4 32. Rce2 h5 33. Kf3 Qd7 34.
g4 Qc7 35. Rd1 Kf7 36. Rd4 Qe7 37. b4 hxg4+ 38. hxg4 Rh8 39. Kg3 g5 40. Rxe4
dxe4 41. Rd2 gxf4+ 42. exf4 e3 43. Re2 Re8 44. Qd3 Kg7 45. Rh2 Qe4 46. Qd7+ Qe7
47. Qf5 Qe4 48. Qd7+ Re7 49. Qd8 Kf7 50. Rh8 Re8 51. Qxe8+ Qxe8 52. Rxe8 Kxe8
53. bxa5 Ke7 54. f5 Kf7 55. Kf3 Kg7 56. Kxe3  1-0

[Event "87o Campeonato Brasileiro Absoluto Final Aberta"]
[Site "Cuiaba MT"]
[Date "2021.11.02"]
[Round "9"]
[Board "53"]
[White "Bisesar, Maycon Da Costa"]
[Black "Valcarcel, Victor Ignacio Dos Santos"]
[Result "1/2-1/2"]
[WhiteElo "1742"]
[BlackElo "1879"]
[PlyCount "70"]
[EventDate "2021.10.28"]
[EventRounds "11"]
[EventCountry "BRA"]

1. d4 Nf6 2. c4 g6 3. Nc3 d5 4. cxd5 Nxd5 5. g3 Bg7 6. Bg2 Nxc3 7. bxc3 c5 8.
e3 O-O 9. Ne2 Nc6 10. O-O Rb8 11. Ba3 cxd4 12. cxd4 Qa5 13. Qc1 Bd7 14. Qc5 Qa6
15. Nf4 b6 16. Qc1 Rbc8 17. Qb2 Rfe8 18. Nd5 e5 19. Nb4 Nxb4 20. Bxb4 exd4 21.
exd4 Re2 22. Qa3 Bb5 23. Qxa6 Bxa6 24. Rfd1 Rc4 25. a3 Bxd4 26. Rxd4 Rxd4 27.
Bf1 Ra2 28. Rxa2 Rd1 29. Kg2 Bxf1+ 30. Kf3 Rd3+ 31. Ke4 f5+ 32. Ke5 Kf7 33. Rd2
a5 34. Rxd3 Bxd3 35. Bd2 Be4  1/2-1/2

[Event "87o Campeonato Brasileiro Absoluto Final Aberta"]
[Site "Cuiaba MT"]
[Date "2021.11.02"]
[Round "9"]
[Board "55"]
[White "Fedrizzi, Roberto Senatore"]
[Black "Da Rosa, Henrique Jaze Simoes"]
[Result "1/2-1/2"]
[WhiteElo "1962"]
[BlackElo "1788"]
[PlyCount "53"]
[EventDate "2021.10.28"]
[EventRounds "11"]
[EventCountry "BRA"]

1. e4 e5 2. Nf3 Nc6 3. Bb5 a6 4. Ba4 Nf6 5. O-O Be7 6. Re1 b5 7. Bb3 O-O 8. c3
d5 9. d3 dxe4 10. dxe4 Qxd1 11. Bxd1 Bb7 12. Bg5 h6 13. Bh4 Rad8 14. Nbd2 Nd7
15. Bxe7 Nxe7 16. Nf1 Ng6 17. Bc2 Nc5 18. Ng3 Nd3 19. Bxd3 Rxd3 20. Rad1 Rfd8
21. Rxd3 Rxd3 22. h3 f6 23. Kh2 Nf4 24. Nf5 Ne6 25. Ng3 Nc5 26. Re2 Bc8 27. Ne1
 1/2-1/2

[Event "87o Campeonato Brasileiro Absoluto Final Aberta"]
[Site "Cuiaba MT"]
[Date "2021.11.02"]
[Round "9"]
[Board "56"]
[White "Melo, Igor De Souza"]
[Black "Oliveira, Leonardo Tadeu De Alme"]
[Result "1-0"]
[WhiteElo "1710"]
[BlackElo "2121"]
[PlyCount "102"]
[EventDate "2021.10.28"]
[EventRounds "11"]
[EventCountry "BRA"]

1. e4 c5 2. Nf3 g6 3. d4 cxd4 4. Nxd4 Bg7 5. Nc3 Nc6 6. Be3 Nf6 7. Bc4 Qa5 8.
O-O O-O 9. Bb3 d6 10. h3 Qc7 11. Nd5 Nxd5 12. exd5 Na5 13. Nb5 Qb8 14. Qd2 Nxb3
15. axb3 a6 16. Nc3 Bf5 17. g4 Bd7 18. Bh6 Qc7 19. Bxg7 Kxg7 20. Qd4+ Kg8 21.
Rad1 b5 22. Rfe1 Rfe8 23. Re2 a5 24. Rde1 b4 25. Ne4 Bb5 26. Rd2 Qa7 27. Qxa7
Rxa7 28. c4 bxc3 29. bxc3 Bd7 30. Ra2 Rb8 31. Nd2 Kf8 32. Rea1 e6 33. Rxa5 Rc7
34. Ra7 Rbc8 35. Nc4 Be8 36. Nxd6 Rxa7 37. Rxa7 Rxc3 38. dxe6 fxe6 39. Ra8 Ke7
40. Nxe8 Rxh3 41. Rb8 h5 42. gxh5 gxh5 43. Nc7 Kd7 44. Na6 Rc3 45. b4 Ra3 46.
b5 h4 47. Rb6 e5 48. Nc5+ Kc8 49. Rc6+ Kb8 50. b6 Ra1+ 51. Kg2 Ra5  1-0

[Event "87o Campeonato Brasileiro Absoluto Final Aberta"]
[Site "Cuiaba MT"]
[Date "2021.11.02"]
[Round "9"]
[Board "57"]
[White "De Andrade, Dalson Holanda Caval"]
[Black "Teixeira, Jonas Carvalho"]
[Result "1-0"]
[WhiteElo "2000"]
[BlackElo "1785"]
[PlyCount "79"]
[EventDate "2021.10.28"]
[EventRounds "11"]
[EventCountry "BRA"]

1. d4 Nf6 2. Nf3 g6 3. Bf4 Bg7 4. e3 d6 5. h3 O-O 6. Be2 Nbd7 7. O-O Nh5 8. Bh2
e5 9. dxe5 Re8 10. c4 dxe5 11. Nc3 c6 12. Nd2 Nhf6 13. Nde4 Nxe4 14. Nxe4 Qe7
15. Qd6 f5 16. Qxe7 Rxe7 17. Nd6 e4 18. Rfd1 b6 19. Rab1 Ba6 20. b4 Rf8 21. b5
cxb5 22. cxb5 Bc8 23. Bc4+ Kh8 24. Nxc8 Rxc8 25. Bd6 Ree8 26. Bf7 Ne5 27. Bxe8
Rxe8 28. Bxe5 Bxe5 29. Rd7 Bc3 30. Rbd1 Kg8 31. Rd8 Kf8 32. R1d7 Rxd8 33. Rxd8+
Ke7 34. Ra8 Kd6 35. Rxa7 Kc5 36. a4 h5 37. Rc7+ Kb4 38. Rc6 g5 39. Rxb6 Kxa4
40. Rg6  1-0

[Event "87o Campeonato Brasileiro Absoluto Final Aberta"]
[Site "Cuiaba MT"]
[Date "2021.11.02"]
[Round "9"]
[Board "58"]
[White "Cardoso, Lucca Pimenta"]
[Black "Castro Silva, Alex"]
[Result "0-1"]
[WhiteElo "1690"]
[BlackElo "1961"]
[PlyCount "88"]
[EventDate "2021.10.28"]
[EventRounds "11"]
[EventCountry "BRA"]

1. d4 Nf6 2. c4 e6 3. Nf3 b6 4. e3 Bb7 5. Bd3 Ne4 6. O-O Be7 7. Nfd2 f5 8. Qc2
Nxd2 9. Nxd2 O-O 10. a3 Bd6 11. f4 Qf6 12. b4 c5 13. bxc5 bxc5 14. Bb2 cxd4 15.
e4 Nc6 16. c5 Bc7 17. exf5 Kh8 18. Ne4 Qh6 19. fxe6 Bxf4 20. Rxf4 Qxf4 21. Bc1
Qg4 22. Nd6 Qxe6 23. Bd2 Nd8 24. Bg5 Bc6 25. Bxh7 Nf7 26. Bf5 Qd5 27. Qf2 Nh6
28. Bxh6 gxh6 29. Be4 Rxf2 30. Bxd5 Raf8 31. Bxc6 dxc6 32. Rd1 d3 33. Nc4 Rc2
34. Ne5 d2 35. Nd3 Rd8 36. Nf2 Rxc5 37. Kf1 Re5 38. Ng4 Re6 39. Kf2 Rf8+ 40.
Kg3 Re2 41. h3 c5 42. Nh2 c4 43. Nf3 c3 44. Nd4 Re1  0-1

[Event "87o Campeonato Brasileiro Absoluto Final Aberta"]
[Site "Cuiaba MT"]
[Date "2021.11.02"]
[Round "9"]
[Board "59"]
[White "Okamura, Milton Kasuo"]
[Black "Borges, Ivoney"]
[Result "1-0"]
[WhiteElo "1937"]
[BlackElo "1767"]
[PlyCount "111"]
[EventDate "2021.10.28"]
[EventRounds "11"]
[EventCountry "BRA"]

1. d4 d5 2. c4 e6 3. Nc3 Nf6 4. cxd5 exd5 5. Bg5 Be7 6. e3 c6 7. Bd3 O-O 8.
Nge2 Be6 9. O-O Bd6 10. f3 Be7 11. Qc2 h6 12. Bh4 Nh5 13. Bf2 Bh4 14. g3 Be7
15. g4 Nf6 16. Ng3 Nbd7 17. Nce2 Re8 18. Nf4 Nf8 19. Nxe6 Nxe6 20. Nf5 Ng5 21.
Kg2 Ne6 22. Rac1 Nf8 23. h4 Kh8 24. Rh1 Ng8 25. a3 g6 26. Nxe7 Nxe7 27. Bg3 Kg7
28. Rce1 Qd7 29. Qd1 f6 30. g5 h5 31. gxf6+ Kxf6 32. Be5+ Kf7 33. Kf2 Nh7 34.
Reg1 Rg8 35. Qc2 Nf5 36. Rxg6 Rxg6 37. Bxf5 Rag8 38. Rh2 Qe7 39. Bxg6+ Rxg6 40.
Qf5+ Nf6 41. Rg2 Rxg2+ 42. Kxg2 Qe6 43. Qxe6+ Kxe6 44. Bxf6 Kxf6 45. e4 dxe4
46. fxe4 a5 47. Kf3 a4 48. Ke3 Ke6 49. Kd3 b5 50. Kc3 Kd7 51. Kb4 Kd6 52. Ka5
Kc7 53. e5 Kb7 54. Kb4 Kc7 55. Kc5 Kd7 56. Kb6  1-0

[Event "87o Campeonato Brasileiro Absoluto Final Aberta"]
[Site "Cuiaba MT"]
[Date "2021.11.02"]
[Round "9"]
[Board "60"]
[White "Da Silva, Fabio Lima"]
[Black "Da Silva, Erick Feitosa"]
[Result "0-1"]
[WhiteElo "1909"]
[BlackElo "1765"]
[PlyCount "92"]
[EventDate "2021.10.28"]
[EventRounds "11"]
[EventCountry "BRA"]

1. d4 d5 2. c4 e6 3. Nf3 Nf6 4. Bg5 Be7 5. e3 O-O 6. Nbd2 b6 7. Bd3 Bb7 8. O-O
Nbd7 9. Rc1 c5 10. cxd5 Nxd5 11. Bxe7 Qxe7 12. e4 Nf4 13. Bb1 cxd4 14. Nxd4 Nc5
15. Qg4 Qf6 16. N2f3 e5 17. g3 Bc8 18. Nf5 h5 19. Qh4 Qxh4 20. N3xh4 Ne2+ 21.
Kg2 Nxc1 22. Ne7+ Kh7 23. Rxc1 Bb7 24. b4 Ne6 25. Nhf5 Rfd8 26. Ne3 Rd7 27.
N7d5 Kh8 28. a4 Rc8 29. Rxc8+ Bxc8 30. Ba2 Bb7 31. Kf1 Ng5 32. Bb1 Nf3 33. Kg2
Nd4 34. f3 Rd8 35. Bd3 Rc8 36. Nc4 Bxd5 37. exd5 f6 38. Kf2 Rd8 39. Be4 Kg8 40.
Ne3 Kf7 41. Bd3 g6 42. Bc4 Ke7 43. f4 h4 44. fxe5 hxg3+ 45. Kxg3 fxe5 46. Ng4
Kd6  0-1

[Event "87o Campeonato Brasileiro Absoluto Final Aberta"]
[Site "Cuiaba MT"]
[Date "2021.11.02"]
[Round "9"]
[Board "61"]
[White "Campos, Otavio Moraes"]
[Black "Baeta, Marcio Netto"]
[Result "0-1"]
[WhiteElo "1619"]
[BlackElo "1906"]
[PlyCount "76"]
[EventDate "2021.10.28"]
[EventRounds "11"]
[EventCountry "BRA"]

1. c4 Nf6 2. Nc3 b6 3. Nf3 Bb7 4. g3 g6 5. d4 Bg7 6. Bg2 O-O 7. O-O d5 8. cxd5
Nxd5 9. Nxd5 Bxd5 10. Bf4 Nd7 11. Qd2 c5 12. dxc5 Nxc5 13. Rfd1 e6 14. Be5 f6
15. Bf4 Ne4 16. Qb4 g5 17. Be3 a5 18. Qxb6 Qe7 19. Nd2 Rfb8 20. Qd4 f5 21. Qa4
Rb4 22. Qc2 Rxb2 23. Qc1 Nc3 24. Re1 Bxg2 25. Kxg2 Qb7+ 26. f3 Rc8 27. Bxg5
Nxa2 28. Qd1 Nc3 29. Qc1 Nxe2 30. Qxc8+ Qxc8 31. Rxe2 Qa6 32. Rae1 Kf7 33. g4
fxg4 34. fxg4 a4 35. Rxe6 Qxe6 36. Rxe6 Kxe6 37. Kg3 Rxd2 38. Bxd2 a3  0-1

[Event "87o Campeonato Brasileiro Absoluto Final Aberta"]
[Site "Cuiaba MT"]
[Date "2021.11.02"]
[Round "9"]
[Board "62"]
[White "Cabral Teske, Luiz Fernando"]
[Black "Vargas, Roberto Carlos Melgarejo"]
[Result "1-0"]
[WhiteElo "1894"]
[BlackElo "1722"]
[PlyCount "101"]
[EventDate "2021.10.28"]
[EventRounds "11"]
[EventCountry "BRA"]

1. e4 c5 2. Nf3 g6 3. d4 cxd4 4. Nxd4 Nc6 5. Nc3 Bg7 6. Nb3 Nf6 7. g4 d6 8. Be2
Be6 9. g5 Nd7 10. Be3 Nb6 11. h4 d5 12. Nd4 dxe4 13. Nxe6 Bxc3+ 14. bxc3 fxe6
15. Qxd8+ Rxd8 16. Bxb6 axb6 17. Rb1 Ra8 18. Bc4 Kf7 19. Rxb6 Rhd8 20. Ke2 Rd6
21. Rb2 Ne5 22. Bb3 Rad8 23. Rg1 b5 24. Rbb1 Nf3 25. Rg4 Nd2 26. Rd1 Nxb3 27.
Rxd6 exd6 28. cxb3 d5 29. Rg1 e5 30. Ke3 Ke6 31. c4 bxc4 32. bxc4 dxc4 33. Rc1
Rd4 34. a4 Kd5 35. a5 Rd3+ 36. Ke2 Kd4 37. Ra1 Rb3 38. a6 Rb8 39. a7 Ra8 40.
Kd2 c3+ 41. Kc2 Kd5 42. Kxc3 Ke6 43. Kd2 Kf5 44. Ke3 Kg4 45. Kxe4 Kxh4 46. f4
exf4 47. Kxf4 Rf8+ 48. Ke5 Ra8 49. Kf6 Rf8+ 50. Kg7 Ra8 51. Ra5  1-0

[Event "87o Campeonato Brasileiro Absoluto Final Aberta"]
[Site "Cuiaba MT"]
[Date "2021.11.02"]
[Round "9"]
[Board "63"]
[White "Passos, Rafael Moreira"]
[Black "Assad, Leonardo Vaz De Figueiredo"]
[Result "1-0"]
[WhiteElo "1893"]
[BlackElo "1745"]
[PlyCount "57"]
[EventDate "2021.10.28"]
[EventRounds "11"]
[EventCountry "BRA"]

1. e4 c5 2. Nf3 e6 3. d3 Nc6 4. g3 d5 5. Nbd2 Nf6 6. Bg2 Be7 7. O-O O-O 8. e5
Nd7 9. Re1 Qc7 10. Qe2 b5 11. Nf1 Bb7 12. h4 Rac8 13. Bf4 b4 14. N1h2 Qd8 15.
Ng5 g6 16. Qg4 Nd4 17. h5 Kg7 18. Rac1 Nf5 19. Nhf3 d4 20. Nxd4 cxd4 21. Bxb7
Rc7 22. Be4 Nh6 23. Qh4 Nf5 24. h6+ Nxh6 25. Kg2 Rh8 26. Qxh6+ Kg8 27. Rh1 Nxe5
28. Bxe5 Bxg5 29. Qg7#  1-0

[Event "87o Campeonato Brasileiro Absoluto Final Aberta"]
[Site "Cuiaba MT"]
[Date "2021.11.02"]
[Round "9"]
[Board "64"]
[White "Nascimento, Davi De Araujo"]
[Black "Cardoso, Marcio De Lucca"]
[Result "1/2-1/2"]
[WhiteElo "1628"]
[BlackElo "1892"]
[PlyCount "92"]
[EventDate "2021.10.28"]
[EventRounds "11"]
[EventCountry "BRA"]

1. e4 c5 2. Nc3 Nc6 3. Nge2 Nf6 4. g3 g6 5. Bg2 Bg7 6. O-O d6 7. d3 O-O 8. h3
Rb8 9. f4 e6 10. g4 d5 11. g5 Ne8 12. exd5 exd5 13. h4 Nc7 14. Ng3 Ne7 15. Nce2
Bg4 16. Kh2 Qd7 17. Qd2 b6 18. Ng1 Nb5 19. c3 Nd6 20. Bf3 Be6 21. Qg2 Ndf5 22.
Nxf5 Bxf5 23. Rd1 d4 24. c4 Rfe8 25. Ne2 Rbd8 26. Ng3 Bg4 27. Bd2 a5 28. a4
Bxf3 29. Qxf3 Nf5 30. Nxf5 Qxf5 31. Re1 Qd7 32. b3 Bf8 33. Rxe8 Rxe8 34. Re1
Rxe1 35. Bxe1 Bd6 36. Bg3 Qe6 37. Kg2 Kg7 38. f5 gxf5 39. Bxd6 Qxd6 40. Qxf5
Qe7 41. Kf1 f6 42. gxf6+ Qxf6 43. Qxf6+ Kxf6 44. Kf2 Kf5 45. Kf3 h6 46. Kg3 h5
 1/2-1/2

[Event "87o Campeonato Brasileiro Absoluto Final Aberta"]
[Site "Cuiaba MT"]
[Date "2021.11.02"]
[Round "9"]
[Board "65"]
[White "Goetten Wagner, Julia"]
[Black "Brito, Vicente De Paulo Alencar"]
[Result "1/2-1/2"]
[WhiteElo "1606"]
[BlackElo "1889"]
[PlyCount "49"]
[EventDate "2021.10.28"]
[EventRounds "11"]
[EventCountry "BRA"]

1. e4 e6 2. d4 d5 3. Nd2 c5 4. Ngf3 Nf6 5. exd5 Qxd5 6. Bc4 Qd6 7. Nb3 cxd4 8.
Qxd4 Nc6 9. Qxd6 Bxd6 10. Be3 Ng4 11. Bc5 Bxc5 12. Nxc5 a6 13. Ne4 Ke7 14. a4
Rd8 15. Be2 e5 16. h3 Nf6 17. Nxf6 Kxf6 18. Rd1 Bf5 19. Rxd8 Rxd8 20. c3 Bc2
21. Nd2 a5 22. Bd1 Bd3 23. Be2 Bc2 24. Bd1 Bd3 25. Be2  1/2-1/2

[Event "87o Campeonato Brasileiro Absoluto Final Aberta"]
[Site "Cuiaba MT"]
[Date "2021.11.02"]
[Round "9"]
[Board "66"]
[White "Pironti, Francisco Ferrari"]
[Black "Kruger, Israel"]
[Result "0-1"]
[WhiteElo "1499"]
[BlackElo "1882"]
[PlyCount "92"]
[EventDate "2021.10.28"]
[EventRounds "11"]
[EventCountry "BRA"]

1. e4 c5 2. Nf3 Nc6 3. d4 cxd4 4. Nxd4 Qb6 5. Nb3 Nf6 6. Nc3 e6 7. a3 Qc7 8.
Be3 a6 9. f4 d6 10. g4 h6 11. Qe2 b5 12. Bg2 Bb7 13. O-O-O Be7 14. h4 b4 15.
axb4 Nxb4 16. g5 Nd7 17. g6 fxg6 18. Nd4 Nf8 19. Qg4 Bc8 20. Qg3 Rb8 21. h5 Bf6
22. hxg6 Qa5 23. Nb3 Qc7 24. Bd4 e5 25. fxe5 dxe5 26. Bc5 Be6 27. Bd6 Qb6 28.
Bxb8 Qxb8 29. Nc5 Qb6 30. Nxe6 Nxe6 31. Nd5 Nxd5 32. exd5 Nd4 33. Qd3 O-O 34.
c3 Rb8 35. b4 Rc8 36. Kb2 Nb5 37. Rc1 Nxc3 38. Qc2 Rc4 39. Qb3 Rxb4 40. Rxc3 e4
41. Kc2 Rxb3 42. Rxb3 Qc5+ 43. Kb1 Kf8 44. Rc1 Qd4 45. Rb8+ Ke7 46. Rcc8 Qg1+
 0-1

[Event "87o Campeonato Brasileiro Absoluto Final Aberta"]
[Site "Cuiaba MT"]
[Date "2021.11.02"]
[Round "9"]
[Board "68"]
[White "Fontoura, Alexandre Souza"]
[Black "Boabaid, Jorge Alberto Duardes"]
[Result "1-0"]
[WhiteElo "1873"]
[BlackElo "1712"]
[PlyCount "85"]
[EventDate "2021.10.28"]
[EventRounds "11"]
[EventCountry "BRA"]

1. e4 c5 2. Nf3 d6 3. d4 cxd4 4. Nxd4 Nf6 5. Nc3 a6 6. h3 Nc6 7. Be3 e6 8. g4
Be7 9. Bg2 Qc7 10. O-O O-O 11. Nce2 Bd7 12. c4 Nxd4 13. Qxd4 Bc6 14. Rac1 Nd7
15. b4 Qb8 16. f4 f5 17. Nc3 Bf6 18. Qd3 Bxc3 19. Rxc3 Bxe4 20. Bxe4 fxe4 21.
Qxe4 Re8 22. g5 Qc8 23. Rd3 a5 24. a3 axb4 25. axb4 Ra4 26. Rb1 Qc7 27. Qd4 Nf8
28. Bd2 d5 29. cxd5 exd5 30. Qxd5+ Kh8 31. Rc1 Qb6+ 32. Qc5 Qa6 33. b5 Qg6 34.
Re3 h6 35. Rxe8 Qxe8 36. Re1 Qd8 37. gxh6 gxh6 38. Bc3+ Kg8 39. Qe5 Qb6+ 40.
Kh1 Ne6 41. f5 Nd4 42. Qe8+ Kg7 43. Re7+  1-0

[Event "87o Campeonato Brasileiro Absoluto Final Aberta"]
[Site "Cuiaba MT"]
[Date "2021.11.02"]
[Round "9"]
[Board "69"]
[White "Moyses Sobrinho, Elias"]
[Black "Fernandes, Pedro Guilherme Muniz"]
[Result "1-0"]
[WhiteElo "1858"]
[BlackElo "1682"]
[PlyCount "48"]
[EventDate "2021.10.28"]
[EventRounds "11"]
[EventCountry "BRA"]

1. d4 Nf6 2. c4 g6 3. Nc3 d5 4. cxd5 Nxd5 5. Qb3 Nxc3 6. bxc3 c5 7. e3 Bg7 8.
Ba3 cxd4 9. cxd4 O-O 10. Nf3 Nc6 11. Be2 Qa5+ 12. Kf1 Be6 13. Qb2 b5 14. Bc5
Bd5 15. Qxb5 Qc3 16. Rd1 Rab8 17. Qd3 Qxd3 18. Bxd3 Bxa2 19. g3 f5 20. Nd2 Rfd8
21. Bc4+ Bxc4+ 22. Nxc4 Rd5 23. Kg2 e5 24. Nd6 Rb3 {ilegÃƒ^^vel}  1-0

[Event "87o Campeonato Brasileiro Absoluto Final Aberta"]
[Site "Cuiaba MT"]
[Date "2021.11.02"]
[Round "9"]
[Board "71"]
[White "Jenidarchiche, Douglas Rodrigo"]
[Black "Olivo, Anibal Ribeiro"]
[Result "1-0"]
[WhiteElo "1815"]
[BlackElo "1588"]
[PlyCount "77"]
[EventDate "2021.10.28"]
[EventRounds "11"]
[EventCountry "BRA"]

1. e4 e5 2. Nf3 Nc6 3. Bc4 Bc5 4. O-O Nf6 5. d3 h6 6. c3 d6 7. Bb3 a6 8. Nbd2
O-O 9. Re1 Ba7 10. Nf1 Re8 11. Ng3 Be6 12. d4 Bxb3 13. Qxb3 exd4 14. Qxb7 Ne5
15. Nxd4 Nd3 16. Re2 Nxc1 17. Rxc1 Qd7 18. Qc6 Qxc6 19. Nxc6 Bb6 20. Kf1 Nd7
21. Nf5 Nc5 22. f3 Nd3 23. Rd1 Ne5 24. Nce7+ Kf8 25. Nd5 Reb8 26. b3 h5 27. f4
Nd7 28. Nxb6 Nxb6 29. Kf2 g6 30. Nd4 Ke8 31. Rd3 a5 32. Kf3 a4 33. f5 axb3 34.
axb3 g5 35. Nc6 f6 36. Nd4 Kf7 37. Ne6 Ke7 38. c4 Nd7 39. Nxc7  1-0

[Event "87o Campeonato Brasileiro Absoluto Final Aberta"]
[Site "Cuiaba MT"]
[Date "2021.11.02"]
[Round "9"]
[Board "73"]
[White "Serafim, Paulo Rogerio"]
[Black "Cilento, Lucas Geraldo"]
[Result "1/2-1/2"]
[WhiteElo "1441"]
[BlackElo "1952"]
[PlyCount "88"]
[EventDate "2021.10.28"]
[EventRounds "11"]
[EventCountry "BRA"]

1. c4 Nf6 2. Nc3 c5 3. Nf3 Nc6 4. d4 cxd4 5. Nxd4 g6 6. e4 d6 7. Be2 Nxd4 8.
Qxd4 Bg7 9. O-O O-O 10. Qd2 Bd7 11. f3 Bc6 12. Rd1 Nd7 13. b3 f5 14. Bb2 fxe4
15. Nxe4 Bxe4 16. Bxg7 Kxg7 17. Qd4+ Nf6 18. fxe4 Qb6 19. Qxb6 axb6 20. Bf3
Rab8 21. Rd2 h5 22. e5 dxe5 23. Re1 e4 24. Bxe4 Nxe4 25. Rxe4 Rf7 26. Re6 Rbf8
27. h3 h4 28. Rd1 Rf2 29. Rxe7+ Kh6 30. Rdd7 Rxa2 31. Rh7+ Kg5 32. Rd5+ Rf5 33.
Rxf5+ gxf5 34. Rxb7 Ra6 35. b4 Ra1+ 36. Kh2 Rc1 37. Rxb6 Rxc4 38. Rb8 Rc2 39.
b5 Rb2 40. b6 Kf4 41. Kg1 Rb1+ 42. Kf2 Rb2+ 43. Kf1 Rb1+ 44. Kf2 Rb2+  1/2-1/2

[Event "87o Campeonato Brasileiro Absoluto Final Aberta"]
[Site "Cuiaba MT"]
[Date "2021.11.02"]
[Round "9"]
[Board "74"]
[White "Panazzolo, Paulo Victor"]
[Black "Freitas, Mauricio Mathioli"]
[Result "0-1"]
[WhiteElo "1790"]
[BlackElo "1441"]
[PlyCount "62"]
[EventDate "2021.10.28"]
[EventRounds "11"]
[EventCountry "BRA"]

1. e4 e6 2. d4 d5 3. Nc3 dxe4 4. Nxe4 Be7 5. Nf3 Nf6 6. Ng3 O-O 7. Bd3 c5 8. c3
Nc6 9. O-O cxd4 10. cxd4 g6 11. Be3 a6 12. Rc1 Nb4 13. Bb1 b5 14. h4 Bb7 15. a3
Nbd5 16. Bh6 Re8 17. h5 Ng4 18. Qd2 Qd6 19. hxg6 hxg6 20. Ng5 Bxg5 21. Bxg5
Ndf6 22. Bxf6 Nxf6 23. Qd3 Kg7 24. Rfe1 Rh8 25. Re5 Rh4 26. Rce1 Bd5 27. f3 Bc4
28. Qe3 Rxd4 29. Qg5 Rd2 30. Ne4 Qd4+ 31. Qe3 Qxe3+  0-1

[Event "87o Campeonato Brasileiro Absoluto Final Aberta"]
[Site "Cuiaba MT"]
[Date "2021.11.02"]
[Round "9"]
[Board "75"]
[White "Leite, Coraci De Jesus"]
[Black "De Lima, Lucas Taveira"]
[Result "1-0"]
[WhiteElo "1763"]
[BlackElo "1427"]
[PlyCount "65"]
[EventDate "2021.10.28"]
[EventRounds "11"]
[EventCountry "BRA"]

1. e4 e5 2. Bc4 Bc5 3. Ne2 Nf6 4. d3 O-O 5. Nbc3 c6 6. Ng3 d5 7. Bb3 Ng4 8. O-O
Qh4 9. h3 Qxg3 10. hxg4 Bxg4 11. Ne2 Qh4 12. Qd2 dxe4 13. Nc3 h6 14. Nxe4 Bb6
15. c4 Bd4 16. Bd1 f5 17. Nd6 Qe7 18. c5 Bxd1 19. Qxd1 Bxc5 20. Qb3+ Kh8 21.
Nxb7 Bb6 22. Qa3 Qxa3 23. bxa3 Rf6 24. Bb2 Nd7 25. Bc3 a5 26. Rab1 Ra7 27. Bxe5
Rxb7 28. Bxf6 Nxf6 29. Rfc1 Ng4 30. d4 Nf6 31. Rxc6 Nd5 32. Rd6 Nf6 33. Rbxb6
 1-0

[Event "87o Campeonato Brasileiro Absoluto Final Aberta"]
[Site "Cuiaba MT"]
[Date "2021.11.02"]
[Round "9"]
[Board "76"]
[White "Paludo, Nicolas Luis Escarantte"]
[Black "Messias, Jose Vitor Lamosa Prado"]
[Result "1/2-1/2"]
[WhiteElo "1821"]
[BlackElo "1762"]
[PlyCount "127"]
[EventDate "2021.10.28"]
[EventRounds "11"]
[EventCountry "BRA"]

1. e4 e5 2. Nf3 Nf6 3. d3 Nc6 4. Bg5 Bc5 5. Nc3 h6 6. Bxf6 Qxf6 7. Nd5 Qd8 8.
h3 Bf8 9. Be2 d6 10. b4 Ne7 11. c4 c6 12. Nc3 Ng6 13. a4 Nf4 14. b5 Nxg2+ 15.
Kd2 Qa5 16. Rg1 Nf4 17. Qb3 Be6 18. Rab1 c5 19. b6 axb6 20. Qxb6 Qxb6 21. Rxb6
Bc8 22. Nh4 Nxe2 23. Kxe2 g6 24. Ra1 Be7 25. Nd5 Kd7 26. Nxe7 Kxe7 27. Ng2 Ra7
28. Ne3 Be6 29. Rab1 Rb8 30. a5 Kd7 31. a6 Kc7 32. Rxb7+ Rbxb7 33. Rxb7+ Rxb7
34. axb7 Kxb7 35. Ng2 f5 36. Ke3 g5 37. h4 Kc6 38. exf5 Bxf5 39. hxg5 hxg5 40.
Ne1 g4 41. Ng2 d5 42. cxd5+ Kxd5 43. Ne1 Kc6 44. Kd2 e4 45. dxe4 Bxe4 46. Ke3
Bf5 47. Kf4 Be6 48. f3 gxf3 49. Kxf3 Kb5 50. Ke3 Bf5 51. Kd2 Kc4 52. Kc1 Be4
53. Nc2 Kc3 54. Ne3 Kd4 55. Nf1 Kc3 56. Ne3 Kd3 57. Nf1 Bf3 58. Nd2 Bd5 59. Nf1
c4 60. Ng3 Bg2 61. Nf5 c3 62. Nd6 c2 63. Nb5 Kc4 64. Na3+  1/2-1/2

[Event "87o Campeonato Brasileiro Absoluto Final Aberta"]
[Site "Cuiaba MT"]
[Date "2021.11.02"]
[Round "9"]
[Board "78"]
[White "Farias, Sergio Luiz Cardoso"]
[Black "Peres, Wallafe Moreira"]
[Result "1-0"]
[WhiteElo "1543"]
[BlackElo "1770"]
[PlyCount "61"]
[EventDate "2021.10.28"]
[EventRounds "11"]
[EventCountry "BRA"]

1. e4 d6 2. d4 f5 3. Nc3 Nf6 4. Bd3 fxe4 5. Nxe4 g6 6. Nf3 Nxe4 7. Bxe4 d5 8.
Bd3 Bg4 9. O-O Bg7 10. c3 O-O 11. Be2 Nc6 12. Ng5 Bxe2 13. Qxe2 Qd6 14. Qe6+
Qxe6 15. Nxe6 Rfc8 16. Bf4 a6 17. Nxc7 e5 18. Nxa8 exf4 19. Nb6 Rd8 20. Rfe1 h5
21. Na4 Bf8 22. Re6 Kg7 23. Rae1 Rd7 24. b4 Rf7 25. Nc5 Bxc5 26. bxc5 Na5 27.
Rd6 f3 28. Ree6 fxg2 29. Rxg6+ Kf8 30. Kxg2 Nc4 31. Rxd5  1-0